000 00852cam a22002658a 4500
999 _c1125
_d1125
001 840761
003 OSt
005 20211008143231.0
008 051129r20062005enk b 001 0 eng
015 _aGBA610088
_2bnb
020 _a0141019018 (pbk.)
020 _a9780141019017 (pbk.)
040 _aStDuBDS
_cKH8
082 0 4 _a330 LEV
100 1 _aLevitt, Steven D.
245 1 0 _aFreakonomics :
_ba rogue economist explores the hidden side of everything /
_cSteven D. Levitt and Stephen J. Dubner.
260 _aLondon :
_bPenguin,
_c2006.
300 _axii, 242 p. ;
_c20 cm.
500 _aOriginally published: London: Allen Lane, 2005.
504 _aIncludes bibliographical references and index.
650 0 _aEconomics
_xSocial aspects.
650 0 _aEconomics
_xPsychological aspects.
700 1 _aDubner, Stephen J.
942 _2ddc
_cNFIC